000 00811cam a22002531 4500
001 gs 14000731
003 DLC
005 20260227111316.0
008 791004s1914 dcu f000 0 eng
010 _ags 14000731
035 _a(OCoLC)5465799
040 _aDLC
_cICharE
_dDLC
042 _apremarc
043 _an-us---
050 0 0 _aQE75
_b.B9 no. 599
051 _aTN23
_b.S6
_cCopy 2.
100 1 _aSmith, George Otis,
_d1871-1944
245 1 0 _aOur mineral reserves,
_bhow to make America industrially independent
_cby George Otis Smith.
260 _aWashington,
_bGovt. Print. Off.,
_c1914.
300 _a48 p. ;
_c24 cm.
490 1 _aU.S. Geological survey. Bulletin 599
650 0 _aMines and mineral resources
_zUnited States.
810 1 _aUnited States.
_bGeological Survey.
_tBulletin ;
_v599.
999 _c25419
_d25419